[Event "ÕÕÕII Nezhmetdinov Memorial"]
[Site "?"]
[Date "2010.05.31"]
[Round "1.30"]
[White "Volkov, Ilya"]
[Black "Mokshanov, Alexey"]
[Result "0-1"]
[WhiteElo "1919"]
[BlackElo "2227"]
[PlyCount "90"]

1. d4 d5 2. c4 e6 3. Nf3 Nf6 4. g3 Be7 5. Bg2 O-O 6. O-O Nbd7 7. Qc2 dxc4 8.
Qxc4 a6 9. Rd1 c5 10. dxc5 Bxc5 11. Nc3 b5 12. Qb3 Bb7 13. Bf4 Qb6 14. e3 h6
15. Ne5 Bxg2 16. Kxg2 Nxe5 17. Bxe5 Qc6+ 18. Kg1 Ng4 19. Bd4 Bxd4 20. exd4 Qf3
21. Rd2 Rfd8 22. Qd1 Qf5 23. Qe2 Nf6 24. a3 Rd7 25. Rad1 Rad8 26. f3 Nh7 27.
Ne4 Ng5 28. Nxg5 Qxg5 29. f4 Qd5 30. Qe3 Qb7 31. Kf2 Rd5 32. Qe4 b4 33. axb4
Qxb4 34. Kg1 Qb6 35. Kg2 Rb5 36. Qe2 Rdd5 37. Qf2 Rb4 38. Kg1 g6 39. Kg2 a5 40.
Kg1 a4 41. Kg2 Rdb5 42. Rb1 a3 43. b3 Rxb3 44. Rxb3 Rxb3 45. Rc2 Rb2 0-1

[Event "ÕÕÕII Nezhmetdinov Memorial"]
[Site "?"]
[Date "2010.05.31"]
[Round "1.32"]
[White "Faizrakhmanov, Ilmir"]
[Black "Vaseptsov, Maxim"]
[Result "1-0"]
[WhiteElo "1912"]
[BlackElo "2197"]
[PlyCount "125"]

1. e4 c5 2. Ne2 Nc6 3. g3 Nf6 4. Bg2 e6 5. O-O Be7 6. d4 cxd4 7. Nxd4 O-O 8.
Be3 d5 9. exd5 Nxd5 10. Nxc6 bxc6 11. Bd4 Qc7 12. c4 Nb6 13. Qf3 Bb7 14. Qc3 f6
15. Nd2 c5 16. Be3 Bxg2 17. Kxg2 e5 18. Rad1 f5 19. f3 Rae8 20. Bf2 Nc8 21.
Rfe1 Bd6 22. a3 a5 23. a4 Ne7 24. Nb3 Rb8 25. Rd3 Rf6 26. Qxa5 Qc6 27. Nxc5
Rxb2 28. Qd8+ Kf7 29. Nd7 Rh6 30. Nxe5+ Bxe5 31. Rxe5 Re6 32. Qd4 Rc2 33. Rxe6
Qxe6 34. Re3 Nc6 35. Qd3 Ra2 36. c5 Rxa4 37. Qd6 Ra6 38. Rd3 Ne5 39. Qxe6+ Kxe6
40. Rc3 Rc6 41. Bd4 Kd5 42. Bxe5 Kxe5 43. f4+ Kd4 44. Ra3 Rc7 45. Ra5 Kd5 46.
c6+ Kxc6 47. Rxf5 Kd6 48. Re5 Ra7 49. Re2 Ra5 50. g4 h5 51. Kg3 hxg4 52. Kxg4
Ra1 53. Kf5 Rg1 54. Re6+ Kd5 55. Rg6 Rh1 56. Rg2 Kd4 57. Rxg7 Rxh2 58. Rd7+ Ke3
59. Ke5 Ra2 60. f5 Ra4 61. f6 Re4+ 62. Kd6 Rf4 63. f7 1-0

[Event "ÕÕÕII Nezhmetdinov Memorial"]
[Site "?"]
[Date "2010.05.31"]
[Round "1.33"]
[White "Husnullin, Ramil"]
[Black "Zakharov, Kirill"]
[Result "1-0"]
[WhiteElo "2196"]
[BlackElo "1911"]
[PlyCount "73"]

1. e4 c5 2. Nf3 Nc6 3. Bb5 g6 4. O-O Bg7 5. Re1 e5 6. Bxc6 dxc6 7. d3 Be6 8.
Nbd2 Ne7 9. a3 O-O 10. b4 cxb4 11. axb4 Qd6 12. Nc4 Bxc4 13. dxc4 Qe6 14. Qe2
h6 15. Ra3 c5 16. bxc5 Nc6 17. Bd2 Qe7 18. Rb3 f5 19. Reb1 Rab8 20. Bc3 Rf7 21.
h4 f4 22. Qd1 g5 23. hxg5 hxg5 24. Qd6 Bf6 25. Qxe7 Rxe7 26. Nh2 Nd8 27. Ng4
Kg7 28. Rd1 Nf7 29. c6 Rc7 30. Rd7 Rxd7 31. cxd7 b6 32. c5 Nd8 33. Bxe5 Bxe5
34. Nxe5 Kf6 35. c6 Ne6 36. c7 Nxc7 37. Nc6 1-0

[Event "ÕÕÕII Nezhmetdinov Memorial"]
[Site "?"]
[Date "2010.05.31"]
[Round "1.34"]
[White "Galimzianova, Aliya"]
[Black "Bezgodova, Maria"]
[Result "0-1"]
[WhiteElo "1908"]
[BlackElo "2193"]
[PlyCount "92"]

1. e4 e5 2. Nf3 Nc6 3. Bb5 a6 4. Ba4 Nf6 5. O-O Be7 6. Re1 b5 7. Bb3 d6 8. c3
O-O 9. h3 Be6 10. Bc2 d5 11. d4 Nxe4 12. Bxe4 dxe4 13. Nxe5 Nxe5 14. dxe5 Qxd1
15. Rxd1 Rad8 16. Re1 Rd5 17. Nd2 Rxe5 18. Rxe4 Rd5 19. Nf3 Rd1+ 20. Re1 Rxe1+
21. Nxe1 Rd8 22. Bf4 c5 23. Nf3 h6 24. b3 Bf6 25. Rc1 Rd3 26. c4 Bb2 27. Rc2
Bc3 28. cxb5 axb5 29. Ne5 Rd1+ 30. Kh2 b4 31. Nf3 g5 32. Be5 Bf5 33. Re2 f6 34.
Bc7 Kf7 35. Bb6 Rd5 36. g4 Bd3 37. Re3 Bb1 38. Re2 Bd3 39. Re3 Ba6 40. Re4 f5
41. gxf5 Rxf5 42. Kg3 Bb7 43. Re3 Bf6 44. Bc7 h5 45. Be5 h4+ 46. Kg4 Rxf3 0-1

[Event "ÕÕÕII Nezhmetdinov Memorial"]
[Site "?"]
[Date "2010.05.31"]
[Round "1.35"]
[White "Hamidullin, Aydar"]
[Black "Semenova, Anastasia"]
[Result "0-1"]
[WhiteElo "2188"]
[BlackElo "1898"]
[PlyCount "104"]

1. e4 e5 2. Nf3 Nf6 3. Nxe5 d6 4. Nf3 Nxe4 5. Nc3 Nxc3 6. dxc3 Be7 7. Be3 Be6
8. c4 Nd7 9. Nd4 Bf6 10. Nxe6 fxe6 11. c3 Qe7 12. Qh5+ g6 13. Qb5 Qg7 14. O-O-O
O-O 15. h4 a6 16. Qb3 b6 17. h5 Nc5 18. Qc2 g5 19. b4 Nd7 20. h6 Qf7 21. Rh3
Ne5 22. Rg3 Qg6 23. f4 Qxc2+ 24. Kxc2 Ng6 25. fxg5 Be5 26. Rg4 Rf7 27. c5 b5
28. c4 bxc4 29. Bxc4 d5 30. Bd3 c6 31. a4 Bc7 32. Rf1 Rxf1 33. Bxf1 e5 34. Kb3
Kf7 35. b5 axb5 36. axb5 cxb5 37. Bxb5 Ke6 38. Ra4 Rxa4 39. Bxa4 d4 40. Bc1 e4
41. Kc4 Be5 42. Be8 Nf8 43. Bh5 Kf5 44. Kd5 e3 45. g4+ Kf4 46. c6 d3 47. Bxe3+
Kxe3 48. c7 Bxc7 49. Be8 d2 50. Ba4 Kf4 51. Bd1 Kxg5 52. Ke4 Nd7 0-1

[Event "ÕÕÕII Nezhmetdinov Memorial"]
[Site "?"]
[Date "2010.05.31"]
[Round "1.37"]
[White "Kamov, Igor"]
[Black "Iskhakov, Artur"]
[Result "1-0"]
[WhiteElo "2179"]
[BlackElo "1815"]
[PlyCount "59"]

1. d4 f5 2. Bg5 Nf6 3. Bxf6 exf6 4. e3 d5 5. Bd3 g6 6. h4 c5 7. c3 Nc6 8. Nh3
c4 9. Be2 Be6 10. O-O Bd6 11. Nd2 O-O 12. Bf3 Qe7 13. b3 b5 14. bxc4 bxc4 15.
Nxc4 Rac8 16. Nxd6 Qxd6 17. c4 Rf7 18. Nf4 Ne7 19. Nxe6 Qxe6 20. cxd5 Qd6 21.
Qb3 g5 22. Rac1 Rd8 23. Rc5 g4 24. Be2 Ng6 25. g3 Rg7 26. Rc6 Qf8 27. d6+ Kh8
28. h5 Rgd7 29. hxg6 Qh6 30. Rfc1 1-0

[Event "ÕÕÕII Nezhmetdinov Memorial"]
[Site "?"]
[Date "2010.05.31"]
[Round "1.38"]
[White "Khazieva, Elza"]
[Black "Zenzera, Alexey"]
[Result "1-0"]
[WhiteElo "1796"]
[BlackElo "2170"]
[PlyCount "89"]

1. e4 c6 2. c4 d5 3. cxd5 cxd5 4. exd5 Nf6 5. Qa4+ Nbd7 6. Nc3 g6 7. Nf3 Bg7 8.
Bc4 O-O 9. d3 a6 10. Qa3 Qc7 11. O-O Nb6 12. Qb3 Bf5 13. Re1 Rad8 14. Ne5 Nc8
15. a4 Nd6 16. Bd2 Nd7 17. Nxd7 Qxd7 18. a5 Bg4 19. Ne4 Nf5 20. Bc3 Nh4 21.
Bxg7 Kxg7 22. Qc3+ f6 23. Nc5 Qc7 24. Qd4 Bc8 25. b4 Nf5 26. Qe4 Rfe8 27. Rac1
Qd6 28. Bb3 h5 29. Qc4 Rf8 30. Ne6+ Bxe6 31. Rxe6 Qb8 32. Qe4 Rd6 33. h3 h4 34.
Bd1 Rxe6 35. Qxe6 Re8 36. Bg4 Nd6 37. Qe3 Nf7 38. Bd7 Rd8 39. Qxe7 Qf4 40. Re1
Qc7 41. Be8 Qxe7 42. Rxe7 Kf8 43. Rxf7+ Kxe8 44. Rxb7 Rxd5 45. Rb6 1-0

[Event "ÕÕÕII Nezhmetdinov Memorial"]
[Site "?"]
[Date "2010.05.31"]
[Round "1.39"]
[White "Emelianov, Fedor"]
[Black "Pokudov, Zakhar"]
[Result "0-1"]
[WhiteElo "2165"]
[BlackElo "1794"]
[PlyCount "76"]

1. d4 Nf6 2. c4 c5 3. d5 b5 4. cxb5 a6 5. Nc3 axb5 6. e4 b4 7. Nb5 d6 8. Bf4
Nxe4 9. Qe2 g5 10. Be5 f6 11. Qh5+ Kd7 12. g3 Qa5 13. Qg4+ Kd8 14. Qxe4 fxe5
15. Nf3 h6 16. Bc4 Ba6 17. Nxe5 dxe5 18. Qxe5 Bxb5 19. Qxh8 b3+ 20. Kd1 Nd7 21.
Bxb3 Ba4 22. Ke2 Qb5+ 23. Kd2 c4 24. Bxa4 Qxd5+ 25. Kc3 Qd3+ 26. Kb4 Qd2+ 27.
Ka3 Qa5 28. b3 e5+ 29. Qxf8+ Nxf8 30. Rhd1+ Ke7 31. Kb2 c3+ 32. Kc2 Ne6 33.
Rd7+ Kf6 34. Rd6 Qc5 35. Rad1 Qxf2+ 36. Kxc3 Rc8+ 37. Kd3 e4+ 38. Kxe4 Qe2+ 0-1

[Event "ÕÕÕII Nezhmetdinov Memorial"]
[Site "?"]
[Date "2010.05.31"]
[Round "1.40"]
[White "Kurninov, Andrei"]
[Black "Vasilov, Artur"]
[Result "0-1"]
[WhiteElo "1776"]
[BlackElo "2165"]
[PlyCount "46"]

1. d4 Nf6 2. Nf3 e6 3. c4 Bb4+ 4. Bd2 c5 5. Bxb4 cxb4 6. Nbd2 O-O 7. e3 d6 8.
Bd3 Re8 9. a3 e5 10. dxe5 dxe5 11. Ne4 bxa3 12. Rxa3 Bf5 13. Nxf6+ Qxf6 14.
Bxf5 Qxf5 15. O-O Na6 16. Qd5 Rab8 17. Rd1 Nb4 18. Qd6 Nc6 19. Rad3 Rbd8 20.
Qa3 Rxd3 21. Rxd3 Qg4 22. Nd2 Qe2 23. Rd7 Qd1+ 0-1

[Event "ÕÕÕII Nezhmetdinov Memorial"]
[Site "?"]
[Date "2010.05.31"]
[Round "1.41"]
[White "Semenova, Elena"]
[Black "Lev, Nikolay"]
[Result "1-0"]
[WhiteElo "2162"]
[BlackElo "1735"]
[PlyCount "46"]

1. e4 c5 2. Nf3 Nc6 3. Bb5 g6 4. O-O Bg7 5. c3 e5 6. d4 cxd4 7. cxd4 exd4 8.
Bf4 Qe7 9. Na3 Nh6 10. h3 a6 11. Nc4 O-O 12. Bxc6 dxc6 13. Qd2 Qc5 14. Rac1 Qh5
15. Nb6 Bxh3 16. Nxa8 Rxa8 17. gxh3 Qxh3 18. Bg3 Ng4 19. Qf4 Qh5 20. Qc7 Nf6
21. Ne5 Rf8 22. Nd7 Nxd7 23. Qxd7 Qg4 1-0

[Event "ÕÕÕII Nezhmetdinov Memorial"]
[Site "?"]
[Date "2010.05.31"]
[Round "1.42"]
[White "Belskiy,  Artem"]
[Black "Sanzhaev,  Darsen"]
[Result "0-1"]
[WhiteElo "1622"]
[BlackElo "2150"]
[PlyCount "72"]

1. d4 Nf6 2. c4 e6 3. Nc3 Bb4 4. Qb3 c5 5. dxc5 Bxc5 6. Nf3 Nc6 7. Bg5 h6 8.
Bd2 O-O 9. e3 a6 10. a3 Be7 11. Qc2 d6 12. Bd3 b6 13. Rd1 Bb7 14. Ne4 Qc7 15.
Bc3 Ng4 16. Be2 Nge5 17. Nxe5 Nxe5 18. Bxe5 dxe5 19. O-O Rfd8 20. b4 Rac8 21.
Nd2 f5 22. e4 Bg5 23. f3 Qf7 24. c5 bxc5 25. bxc5 Be3+ 26. Kh1 Bxc5 27. Qa2 f4
28. Bc4 Rc6 29. Nb3 Rxd1 30. Rxd1 Bb6 31. Nc1 Kh8 32. Nd3 Bd4 33. Nb4 Rb6 34.
Nd3 Kh7 35. h4 Qf6 36. g3 fxg3 0-1

[Event "ÕÕÕII Nezhmetdinov Memorial"]
[Site "?"]
[Date "2010.06.01"]
[Round "2.1"]
[White "Ospennikov, Dmitry V"]
[Black "Zakhartsov, Viacheslav V"]
[Result "0-1"]
[WhiteElo "2243"]
[BlackElo "2586"]
[PlyCount "66"]
[EventDate "2010.06.01"]

1. e4 c5 2. Nf3 d6 3. d4 cxd4 4. Nxd4 Nf6 5. Nc3 a6 6. Be2 e6 7. O-O Qc7 8. a4
Nc6 9. Be3 Be7 10. f4 O-O 11. Kh1 Re8 12. Nb3 b6 13. Bf3 Rb8 14. Qe2 Na5 15.
Rad1 Nd7 16. g4 Bb7 17. Bg2 Bf8 18. g5 g6 19. Qf2 Nc4 20. Bc1 Bg7 21. Rd3 Nc5
22. Rh3 Qe7 23. Nd4 e5 24. f5 exd4 25. Nd5 Bxd5 26. f6 Qxe4 27. Bxe4 Nxe4 28.
Qh4 Nf2+ 29. Kg1 Nxh3+ 30. Qxh3 Bf8 31. Qd3 Re4 32. Rf4 Nxb2 33. Qxa6 Re1+ 0-1

[Event "ÕÕÕII Nezhmetdinov Memorial"]
[Site "?"]
[Date "2010.06.01"]
[Round "2.2"]
[White "Mokshanov, Alexey"]
[Black "Shaposhnikov, Evgeny"]
[Result "1-0"]
[WhiteElo "2227"]
[BlackElo "2550"]
[PlyCount "63"]
[EventDate "2010.06.01"]

1. e4 c5 2. Nf3 e6 3. c3 d5 4. e5 d4 5. Bd3 Nc6 6. O-O Nge7 7. Re1 Ng6 8. g3
Bd7 9. Na3 a6 10. Nc2 Qb6 11. Qe2 Be7 12. b3 f6 13. exf6 gxf6 14. cxd4 cxd4 15.
Bb2 e5 16. Nfxd4 exd4 17. Bxd4 Qc7 18. Bxf6 O-O-O 19. Bxh8 Rxh8 20. Be4 Kb8 21.
d4 Bf6 22. Rad1 Qd6 23. Qh5 Bg7 24. Qc5 Qf6 25. Nb4 Nxb4 26. Qxb4 Bb5 27. a4
Bf8 28. Qa5 Bd7 29. Rc1 Qd6 30. Qd8+ Ka7 31. Rc7 Bc6 32. Bxc6 1-0

[Event "ÕÕÕII Nezhmetdinov Memorial"]
[Site "?"]
[Date "2010.06.01"]
[Round "2.3"]
[White "Kabanov, Nikolai"]
[Black "Poniaev, Ruslan"]
[Result "1/2-1/2"]
[WhiteElo "2517"]
[BlackElo "2256"]
[PlyCount "137"]
[EventDate "2010.06.01"]
[SourceDate "2010.06.01"]

1. e4 e5 2. Nf3 Nc6 3. Bb5 f5 4. d3 fxe4 5. dxe4 Nf6 6. O-O Bc5 7. Nc3 O-O 8.
Bg5 d6 9. Nd5 Kh8 10. Bc4 Na5 11. Bd3 Nc6 12. Nh4 Be6 13. Bxf6 gxf6 14. Qh5 Rf7
15. Kh1 Qg8 16. f4 Bg4 17. Qh6 Qg7 18. Qxg7+ Kxg7 19. f5 Rd7 20. c3 Ne7 21.
Nxe7 Rxe7 22. h3 Bh5 23. g4 Bf7 24. g5 d5 25. Nf3 Rd8 26. b4 Bb6 27. a4 a6 28.
a5 Ba7 29. Nh2 Ree8 30. h4 Bh5 31. Ra2 c6 32. Rg2 Be3 33. Be2 Bxe2 34. Rxe2 Bf4
35. Ng4 fxg5 36. hxg5 Bxg5 37. exd5 Rxd5 38. f6+ Kf7 39. c4 Rd2 40. Nxe5+ Kf8
41. Re4 Red8 42. f7 R2d4 43. Re2 Rf4 44. Rg1 Rh4+ 45. Kg2 Rd2 46. Rxd2 Bxd2 47.
Rd1 Bxb4 48. Rd7 Re4 49. Nd3 Bxa5 50. Rxb7 Re7 51. Rb8+ Kxf7 52. Ra8 Re3 53.
Rxa6 Rxd3 54. Rxa5 Ke6 55. Rh5 Rd4 56. Rh6+ Kd7 57. Kf3 Kc7 58. Rxh7+ Kb6 59.
Ke3 Kc5 60. Rh6 Rd8 61. Rg6 Rh8 62. Kd3 Rh3+ 63. Kc2 Rh4 64. Kb3 Rh3+ 65. Kc2
Ra3 66. Rh6 Ra4 67. Kd3 Rxc4 68. Rxc6+ Kxc6 69. Kxc4 1/2-1/2

[Event "ÕÕÕII Nezhmetdinov Memorial"]
[Site "?"]
[Date "2010.06.01"]
[Round "2.4"]
[White "Bezgodova, Maria"]
[Black "Kharlov, Andrei"]
[Result "0-1"]
[WhiteElo "2193"]
[BlackElo "2516"]
[PlyCount "110"]

1. e4 e6 2. d3 d5 3. Qe2 Nf6 4. g3 Be7 5. Bg2 O-O 6. Nf3 c5 7. O-O Nc6 8. e5
Ne8 9. c3 b5 10. Bf4 c4 11. Nbd2 Nc7 12. dxc4 bxc4 13. Rfd1 Rb8 14. Nf1 Bd7 15.
h4 Rb5 16. N1h2 Qb8 17. Rd2 Qb7 18. Ng5 f5 19. exf6 gxf6 20. a4 fxg5 21. axb5
gxf4 22. bxc6 Qxc6 23. Qg4+ Kh8 24. Nf3 Qd6 25. Ng5 fxg3 26. fxg3 h6 27. Qh5
Kg7 28. Ne4 Qb6+ 29. Kh2 Rf5 30. Qg4+ Kh7 31. Rf1 Qb8 32. Rxf5 exf5 33. Qf4 Qd8
34. Nd6 Be6 35. Nxf5 Bf8 36. Be4 Kh8 37. Nxh6 Bd6 38. Qg5 Qxg5 39. hxg5 Be7 40.
Bg2 Bxg5 41. Re2 Bxh6 42. Rxe6 Nxe6 43. Bxd5 Nc5 44. Bxc4 Na4 45. b3 Nxc3 46.
Kh3 Kg7 47. Kg4 Kf6 48. Bg8 a5 49. Bc4 Ke5 50. Kh5 Bc1 51. Kg6 Ne4 52. g4 Kf4
53. Be2 Nc5 54. Bd1 Ke5 55. g5 Ne6 0-1

[Event "ÕÕÕII Nezhmetdinov Memorial"]
[Site "?"]
[Date "2010.06.01"]
[Round "2.5"]
[White "Shcherbakov, Ruslan"]
[Black "Shabalin, Evgeny"]
[Result "1-0"]
[WhiteElo "2516"]
[BlackElo "2233"]
[PlyCount "63"]
[EventDate "2010.06.01"]
[SourceDate "2010.06.01"]

1. e4 e5 2. Nf3 Nc6 3. Bc4 Be7 4. d4 d6 5. dxe5 dxe5 6. Qe2 Nf6 7. O-O Nd4 8.
Nxd4 Qxd4 9. Nd2 Bg4 10. Qe1 O-O 11. h3 Bd7 12. Qe2 Bc6 13. c3 Qd6 14. b4 Ne8
15. Nf3 Bf6 16. a4 Qe7 17. b5 Bd7 18. Ba3 Nd6 19. Bd5 Rfb8 20. c4 Qe8 21. Rfd1
Nc8 22. c5 c6 23. Bc4 Ne7 24. Rd6 Ng6 25. Qd2 Rd8 26. Rd1 Nf8 27. Ng5 Bxg5 28.
Qxg5 Rdc8 29. Bb2 h6 30. Qg3 Qe7 31. Bxe5 g5 32. Rxh6 1-0

[Event "ÕÕÕII Nezhmetdinov Memorial"]
[Site "?"]
[Date "2010.06.01"]
[Round "2.6"]
[White "Vasilov,  Artur"]
[Black "Askarov, Marat"]
[Result "0-1"]
[WhiteElo "2165"]
[BlackElo "2499"]
[PlyCount "96"]

1. d4 Nf6 2. c4 e6 3. Nc3 d5 4. cxd5 exd5 5. Bg5 Be7 6. e3 O-O 7. Bd3 Nbd7 8.
Nge2 Re8 9. O-O Nf8 10. Qc2 Nh5 11. Bxe7 Rxe7 12. Nf4 Nxf4 13. exf4 b6 14. f5
c5 15. dxc5 bxc5 16. Rad1 Bb7 17. f6 gxf6 18. Be4 d4 19. Bxb7 Rxb7 20. Ne4 Rc8
21. b3 Ng6 22. f4 Rb6 23. f5 Ne5 24. Rf4 c4 25. bxc4 Rxc4 26. Qd2 Rcb4 27. h3
Rb1 28. Rxb1 Rxb1+ 29. Kh2 Qb6 30. Rf2 Kg7 31. Ng3 Qd6 32. Rf4 d3 33. Rh4 Kg8
34. Rf4 Qd8 35. Rf2 Qc7 36. Qh6 Qc1 37. Qxc1 Rxc1 38. Ne4 Kg7 39. Kg3 Re1 40.
Nd2 h5 41. Nf3 Rc1 42. Nd4 Rc4 43. Nb3 h4+ 44. Kh2 Rc2 45. Kg1 Kh6 46. Kf1 Kg5
47. Rxc2 dxc2 48. Ke2 Kf4 0-1

[Event "ÕÕÕII Nezhmetdinov Memorial"]
[Site "?"]
[Date "2010.06.01"]
[Round "2.7"]
[White "Bezgodov, Alexei"]
[Black "Sadykov, Ramil"]
[Result "1/2-1/2"]
[WhiteElo "2494"]
[BlackElo "2207"]
[PlyCount "43"]

1. e4 e6 2. d3 d5 3. Qe2 Nf6 4. Nf3 b5 5. c3 Ba6 6. Qc2 c5 7. Be2 Be7 8. O-O
O-O 9. Re1 Nc6 10. Bg5 Qb6 11. Nbd2 Rac8 12. Rad1 Rfe8 13. Nf1 d4 14. Ng3 Nd7
15. Bxe7 Rxe7 16. Rc1 Ree8 17. h4 Qd8 18. Qd2 Qf6 19. h5 h6 20. Nf1 Red8 21.
N1h2 Nde5 22. Nxe5 1/2-1/2

[Event "ÕÕÕII Nezhmetdinov Memorial"]
[Site "?"]
[Date "2010.06.01"]
[Round "2.8"]
[White "Sanzhaev, Darsen"]
[Black "Galliamova, Alisa"]
[Result "0-1"]
[WhiteElo "2150"]
[BlackElo "2487"]
[PlyCount "112"]
[EventDate "2010.06.01"]
[SourceDate "2010.06.01"]

1. d4 Nf6 2. c4 e6 3. Nf3 b6 4. e3 Bb7 5. Bd3 d5 6. O-O Nbd7 7. Nc3 Bd6 8. cxd5
exd5 9. Qc2 O-O 10. Nb5 Qe7 11. Nxd6 Qxd6 12. b3 c5 13. Bb2 Rac8 14. dxc5 bxc5
15. Rfd1 d4 16. exd4 Bxf3 17. gxf3 cxd4 18. Qd2 Ne5 19. Be2 Qd5 20. Qxd4 Nxf3+
21. Bxf3 Qxf3 22. Rd3 Qf5 23. Rg3 Rc6 24. Re1 g6 25. Qxa7 Nh5 26. Qd4 f6 27.
Rg4 Rc2 28. Bc1 Rfc8 29. Be3 Rxa2 30. Re4 g5 31. b4 Ra7 32. b5 Rb7 33. Qd3 Rxb5
34. Bd2 Kg7 35. Qd6 Rd5 36. Qe7+ Kg6 37. Bc1 Rd7 38. Qb4 Rcd8 39. Kg2 Rd3 40.
Be3 R3d7 41. Qc4 Rc7 42. Qa4 Qd5 43. Kg1 Ra8 44. Qb4 Rb7 45. Qc4 Qxc4 46. Rxc4
Ra2 47. h4 h6 48. hxg5 hxg5 49. Rd1 Ng7 50. Rd2 Ra1+ 51. Kg2 Nf5 52. Rdc2 Re1
53. Bd2 Rd1 54. Bb4 Nh4+ 55. Kg3 Rg1+ 56. Kh3 Rh7 0-1

[Event "ÕÕÕII Nezhmetdinov Memorial"]
[Site "?"]
[Date "2010.06.01"]
[Round "2.9"]
[White "Alavkin, Arseny"]
[Black "Husnullin, Ramil"]
[Result "1-0"]
[WhiteElo "2460"]
[BlackElo "2196"]
[PlyCount "75"]
[EventDate "2010.06.01"]
[SourceDate "2010.06.01"]

1. e4 e5 2. Nf3 Nf6 3. d4 Nxe4 4. Bd3 d5 5. dxe5 Nc6 6. Qe2 Nc5 7. Bb5 Be7 8.
Nc3 Bg4 9. h3 Bh5 10. g4 Bg6 11. Be3 Ne4 12. Nd4 Nxc3 13. bxc3 Qd7 14. Ba4 O-O
15. Qb5 Qd8 16. Nxc6 bxc6 17. Qxc6 f6 18. Bb3 Be4 19. f3 Bxf3 20. O-O Be4 21.
c4 fxe5 22. cxd5 Kh8 23. Rxf8+ Qxf8 24. Rf1 Qd8 25. Rf7 Bd6 26. Bc5 h6 27. Be3
Qg8 28. Rf2 Rf8 29. Bxa7 Rxf2 30. Bxf2 Qf7 31. Qc3 Bxd5 32. a4 Bxb3 33. cxb3
Qf4 34. a5 Qe4 35. a6 Qb1+ 36. Kg2 Qa2 37. Qc6 Bb4 38. a7 1-0

[Event "ÕÕÕII Nezhmetdinov Memorial"]
[Site "?"]
[Date "2010.06.01"]
[Round "2.10"]
[White "Abdullin, Renat"]
[Black "Ponfilenok, Vladimir"]
[Result "0-1"]
[WhiteElo "2135"]
[BlackElo "2451"]
[PlyCount "46"]

1. e4 e6 2. d4 d5 3. Nd2 c5 4. exd5 exd5 5. Ngf3 Nf6 6. dxc5 Bxc5 7. Nb3 Bb6 8.
Be2 O-O 9. O-O Nc6 10. Bg5 h6 11. Bh4 g5 12. Bg3 Ne4 13. c4 Be6 14. cxd5 Qxd5
15. Nfd2 Nxg3 16. hxg3 Rad8 17. Bc4 Qxc4 18. Qh5 Qg4 19. Qxh6 Bxb3 20. Nxb3
Qxg3 21. Rac1 Rd6 22. Qh5 Qh4 23. Qe2 Rh6 0-1

[Event "ÕÕÕII Nezhmetdinov Memorial"]
[Site "?"]
[Date "2010.06.01"]
[Round "2.11"]
[White "Isajevsky, Anton"]
[Black "Kamov, Igor"]
[Result "1-0"]
[WhiteElo "2424"]
[BlackElo "2179"]
[PlyCount "83"]

1. Nf3 Nf6 2. g3 g6 3. Bg2 Bg7 4. O-O O-O 5. c4 d6 6. d4 Nbd7 7. Qc2 e5 8. Rd1
Qe7 9. Nc3 c6 10. b3 exd4 11. Nxd4 a5 12. Na4 Nc5 13. Nb6 Ra6 14. Nxc8 Rxc8 15.
Bd2 d5 16. Rac1 dxc4 17. Qxc4 Nce4 18. Be1 Nd5 19. Bxe4 Qxe4 20. Nxc6 Qxc4 21.
Rxc4 Raxc6 22. Rxd5 Rxc4 23. bxc4 Bf6 24. Rxa5 Rxc4 25. Bd2 h5 26. Bh6 h4 27.
Kg2 hxg3 28. hxg3 Rc2 29. Kf3 Rb2 30. Ra8+ Kh7 31. Bf8 b5 32. a3 Bc3 33. Bc5
Kg7 34. g4 f6 35. Ra7+ Kg8 36. Rb7 Be5 37. Bb4 Rb3+ 38. e3 Bb2 39. Ra7 Bc3 40.
Bc5 Rb2 41. Rb7 Be5 42. Bb4 1-0

[Event "ÕÕÕII Nezhmetdinov Memorial"]
[Site "?"]
[Date "2010.06.01"]
[Round "2.12"]
[White "Vafin, Ayrat"]
[Black "Predke, Alexandr"]
[Result "0-1"]
[WhiteElo "2113"]
[BlackElo "2417"]
[PlyCount "130"]
[EventDate "2010.06.01"]
[SourceDate "2010.06.01"]

1. c4 e5 2. g3 Nf6 3. Bg2 d5 4. cxd5 Nxd5 5. Nc3 Nb6 6. Nf3 Nc6 7. O-O Be7 8.
d3 O-O 9. Be3 Be6 10. Qd2 Qd7 11. Rfc1 f6 12. Qd1 Nb4 13. a3 N4d5 14. Nxd5 Nxd5
15. Bc5 Bxc5 16. Rxc5 b6 17. Rcc1 c5 18. Nd2 Rac8 19. Ne4 Rfd8 20. Qd2 Ne7 21.
Qc3 Nc6 22. Re1 Nd4 23. Nd2 b5 24. b3 Qf7 25. Rab1 Qh5 26. Bf3 Nxf3+ 27. Nxf3
Qf7 28. Rec1 Qb7 29. a4 b4 30. Qc2 Bd5 31. Nd2 f5 32. e4 fxe4 33. dxe4 Bf7 34.
Nc4 Qe7 35. Ne3 g6 36. Rd1 Rd4 37. Rxd4 exd4 38. Nc4 Be6 39. Re1 Rf8 40. f4 d3
41. Qxd3 Rd8 42. Qc2 Qd7 43. Ne5 Qd4+ 44. Kh1 Qd2 45. Qxd2 Rxd2 46. Rb1 Rc2 47.
Nc6 Rc3 48. Na5 Kf7 49. Kg2 Ke8 50. Rb2 Kd7 51. f5 gxf5 52. exf5 Bxf5 53. Nc4
Be6 54. Nd2 Kc6 55. h4 Bd5+ 56. Kf2 h5 57. Rb1 Rd3 58. Rb2 a5 59. Nc4 Bxc4 60.
bxc4 Rc3 61. g4 hxg4 62. Re2 Kd6 63. Re4 g3+ 64. Kg2 b3 65. Rg4 Rxc4 0-1

[Event "ÕÕÕII Nezhmetdinov Memorial"]
[Site "?"]
[Date "2010.06.01"]
[Round "2.13"]
[White "Ulanov, Alexandr"]
[Black "Semenova, Elena"]
[Result "0-1"]
[WhiteElo "2364"]
[BlackElo "2162"]
[PlyCount "88"]
[EventDate "2010.06.01"]
[SourceDate "2010.06.01"]

1. e4 e5 2. Nf3 Nf6 3. d4 Nxe4 4. Bd3 d5 5. dxe5 Be7 6. O-O Nc6 7. c4 Bg4 8.
Bc2 Nc5 9. cxd5 Nxe5 10. Qe2 Bxf3 11. Qxe5 Qxd5 12. Qg3 Bh5 13. Nc3 Qd7 14. Be3
Ne6 15. Qh3 Bg6 16. Rfd1 Qc8 17. Bxg6 fxg6 18. Nd5 Bf6 19. Nxf6+ gxf6 20. Bh6
Kf7 21. Rac1 Re8 22. Qb3 c5 23. Be3 b6 24. Qa4 Rd8 25. b4 Qc7 26. bxc5 bxc5 27.
Qh4 h5 28. Re1 Rd5 29. h3 Re8 30. Qc4 Qd7 31. Rb1 Kg7 32. a4 Nd4 33. a5 Nf5 34.
a6 Nxe3 35. fxe3 Qc6 36. Rb7+ Rd7 37. Reb1 Ree7 38. Rb8 Rd2 39. Qf1 Rxe3 40.
R8b7+ Kh6 41. h4 Qe4 42. Rb8 Qd4 43. Rh8+ Kg7 44. Rbb8 Rh3+ 0-1

[Event "ÕÕÕII Nezhmetdinov Memorial"]
[Site "?"]
[Date "2010.06.01"]
[Round "2.14"]
[White "Sokolov, Sergei"]
[Black "Ulanov, Sergei"]
[Result "1-0"]
[WhiteElo "2349"]
[BlackElo "2145"]
[PlyCount "85"]
[EventDate "2010.06.01"]
[SourceDate "2010.06.01"]

1. e4 d5 2. exd5 Qxd5 3. Nc3 Qd6 4. d4 Nf6 5. Nf3 Bg4 6. h3 Bh5 7. g3 Nc6 8.
Bg2 O-O-O 9. O-O Nxd4 10. g4 Bg6 11. Nxd4 Qxd4 12. Qf3 c6 13. Be3 Qc4 14. Bxa7
e6 15. Rfc1 Nd5 16. Ne4 Bxe4 17. Qxe4 Qxe4 18. Bxe4 Nf4 19. Kf1 Nxh3 20. a4 h5
21. a5 Ng5 22. Bg2 hxg4 23. Bb6 Rd6 24. a6 bxa6 25. Be3 Nf3 26. Rxa6 c5 27.
Ra8+ Kb7 28. Rca1 Rb6 29. R1a7+ Kc6 30. Rxf7 Rxb2 31. Raxf8 Rxf8 32. Rxf8 Rxc2
33. Bxf3+ gxf3 34. Rxf3 c4 35. Rf7 g6 36. Rg7 Kd5 37. Rxg6 Ra2 38. Rg4 e5 39.
Ke1 Rb2 40. Kd1 Ra2 41. Kc1 c3 42. Rb4 Re2 43. Kb1 1-0

[Event "ÕÕÕII Nezhmetdinov Memorial"]
[Site "?"]
[Date "2010.06.01"]
[Round "2.15"]
[White "Mikheev, Stanislav"]
[Black "Riazanov, Alexey"]
[Result "1-0"]
[WhiteElo "2310"]
[BlackElo "2114"]
[PlyCount "41"]
[EventDate "2010.06.01"]
[SourceDate "2010.06.01"]

1. d4 Nf6 2. c4 g6 3. Nc3 d5 4. cxd5 Nxd5 5. e4 Nxc3 6. bxc3 Bg7 7. Bg5 c5 8.
Rc1 Qa5 9. Qd2 Nc6 10. d5 Nd8 11. Nf3 h6 12. Bf4 f6 13. e5 Nf7 14. e6 Ng5 15.
Bd3 Nxf3+ 16. gxf3 f5 17. Rg1 g5 18. Bxf5 Bxc3 19. Rxc3 gxf4 20. d6 exd6 21.
Rg7 1-0

[Event "ÕÕÕII Nezhmetdinov Memorial"]
[Site "?"]
[Date "2010.06.01"]
[Round "2.16"]
[White "Semenova, Anastasia"]
[Black "Gubaydulin, Talgat"]
[Result "0-1"]
[WhiteElo "1898"]
[BlackElo "2298"]
[PlyCount "80"]
[EventDate "2010.06.01"]
[SourceDate "2010.06.01"]

1. e4 g6 2. d4 Bg7 3. c3 d6 4. Bd3 Nf6 5. Ne2 O-O 6. O-O Nc6 7. h3 e5 8. f4
exd4 9. cxd4 Nb4 10. Na3 Nxd3 11. Qxd3 b6 12. Ng3 a5 13. Qf3 Ba6 14. Rd1 Bb7
15. f5 Nd7 16. Bf4 Qe7 17. Nb5 Nf6 18. Rac1 Rfc8 19. Rxc7 Rxc7 20. Bxd6 Qd7 21.
Nxc7 Qxd6 22. Nxa8 Bxa8 23. fxg6 hxg6 24. Qe3 Qe6 25. e5 Nd5 26. Qg5 Ne7 27.
Ne2 Kh7 28. Nf4 Qd7 29. Qh4+ Bh6 30. g4 g5 31. Nh5 Qc6 32. Nf6+ Kg7 33. Nh5+
Kf8 34. d5 Nxd5 35. Qg3 b5 36. e6 Nf4 37. e7+ Ke8 38. Nf6+ Qxf6 39. Rd8+ Kxe7
40. Rxa8 Ne2+ 0-1